[Event "Mittelfranken-chTB1 1819"]
[Site "Mittelfranken"]
[Date "2019.03.17"]
[Round "7.6"]
[White "Kirchner, Norbert"]
[Black "Strobel, Norbert"]
[Result "0-1"]
[WhiteElo "1975"]
[BlackElo "1990"]
[PlyCount "92"]
[EventDate "2018.10.14"]
[EventType "team-tourn"]
[EventRounds "9"]
[EventCountry "GER"]
[SourceTitle "EXT 2022"]
[Source "ChessBase"]
[SourceDate "2021.10.06"]
[SourceVersion "1"]
[SourceVersionDate "2021.10.06"]
[SourceQuality "1"]
[WhiteTeam "Heideck/Hilpoltstein"]
[BlackTeam "Fuerth SG"]
[WhiteTeamCountry "GER"]
[BlackTeamCountry "GER"]

1. e4 c6 2. d4 d5 3. e5 Bf5 4. Nc3 e6 5. g4 Bg6 6. h4 h5 7. g5 c5 8. Bb5+ Nc6 9. Nge2 cxd4 10. Nxd4 Nge7 11. Be3 a6 12. Bxc6+ Nxc6 13. f4 Nxd4 14. Bxd4 b5 15. Ne2 Qc7 16. c3 Bf5 17. Ng3 Bg4 18. Qd3 g6 19. b4 Qc6 20. 0-0 Be7 21. Rf2 0-0 22. a4 bxa4 23. Rfa2 a5 24. b5 Qc7 25. b6 Qc6 26. Rxa4 Bc5 27. Rxa5 Rxa5 28. Rxa5 Bxb6 29. Ra1 Rc8 30. Kf2 Bxd4+ 31. cxd4 Qc2+ 32. Qxc2 Rxc2+ 33. Ke3 Rc3+ 34. Kf2 Rf3+ 35. Kg2 Rxf4 36. Ra4 Bd1 37. Rb4 Rxh4 38. Nf1 Rg4+ 39. Kh3 Rxg5 40. Ne3 Rg1 41. Kh2 Re1 42. Ng2 Re4 43. Kg3 Be2 44. Kf2 Bc4 45. Ne1 Re2+ 46. Kf1 Rb2+ 0-1

[Event "Mittelfranken-chTB1 1819"]
[Site "Mittelfranken"]
[Date "2018.10.14"]
[Round "1.7"]
[White "Walther, Reinhard"]
[Black "Kirchner, Norbert"]
[Result "0-1"]
[WhiteElo "1859"]
[BlackElo "1975"]
[PlyCount "60"]
[EventDate "2018.10.14"]
[EventType "team-tourn"]
[EventRounds "9"]
[EventCountry "GER"]
[SourceTitle "EXT 2022"]
[Source "ChessBase"]
[SourceDate "2021.10.06"]
[SourceVersion "1"]
[SourceVersionDate "2021.10.06"]
[SourceQuality "1"]
[WhiteTeam "Herzogenaurach II"]
[BlackTeam "Heideck/Hilpoltstein"]
[WhiteTeamCountry "GER"]
[BlackTeamCountry "GER"]

1. d4 d5 2. Bf4 Nf6 3. e3 c6 4. c3 Bf5 5. Nd2 e6 6. Ngf3 Bd6 7. Bg3 0-0 8. Nh4 Qc7 9. Nxf5 exf5 10. Qf3 g6 11. Bxd6 Qxd6 12. Qg3 Qe6 13. Be2 Nbd7 14. h4 h5 15. 0-0-0 b5 16. Rhe1 a5 17. Bd3 Rfb8 18. f3 c5 19. Bb1 b4 20. c4 dxc4 21. e4 f4 22. Qxf4 c3 23. Nb3 cxb2+ 24. Kxb2 c4 25. d5 Qb6 26. Nd4 a4 27. Nc6 Qf2+ 28. Ka1 Nc5 29. Na5 c3 30. Qc1 Nb3+ 0-1

[Event "Mittelfranken-chTB2b 1415"]
[Site "Mittelfranken"]
[Date "2014.10.12"]
[Round "2.2"]
[White "Kirchner, Norbert"]
[Black "Gloth, Gerrit"]
[Result "1-0"]
[WhiteElo "1973"]
[BlackElo "1860"]
[PlyCount "55"]
[EventDate "2014.09.28"]
[EventType "team-tourn"]
[EventRounds "9"]
[EventCountry "GER"]
[SourceTitle "EXT 2020"]
[Source "ChessBase"]
[SourceDate "2019.10.17"]
[SourceVersion "1"]
[SourceVersionDate "2019.10.17"]
[SourceQuality "1"]
[WhiteTeam "Heideck/Hilpoltstein"]
[BlackTeam "Erlangen SC III"]
[WhiteTeamCountry "GER"]
[BlackTeamCountry "GER"]

1. e4 Nf6 2. e5 Nd5 3. Nc3 Nxc3 4. dxc3 d6 5. Bf4 Nc6 6. Bb5 Bd7 7. Nf3 g6 8. Qe2 Nxe5 9. Nxe5 dxe5 10. Rd1 c6 11. Bxe5 Rg8 12. Bc4 e6 13. Qf3 Qa5 14. Bg3 Qf5 15. Qe3 Bc5 16. Qe2 0-0-0 17. 0-0 f6 18. a4 Rge8 19. a5 a6 20. Bxa6 Ba7 21. b4 e5 22. Bc4 h5 23. b5 cxb5 24. Bxb5 g5 25. h4 gxh4 26. Bxh4 Rg8 27. Bxd7+ Rxd7 28. Qc4+ 1-0

[Event "Mittelfranken-chTB2b 1314"]
[Site "Mittelfranken"]
[Date "2014.03.09"]
[Round "7.2"]
[White "Walter, Eugen"]
[Black "Kirchner, Norbert"]
[Result "1/2-1/2"]
[WhiteElo "1768"]
[BlackElo "1973"]
[PlyCount "72"]
[EventDate "2013.10.20"]
[EventType "team-tourn"]
[EventRounds "9"]
[EventCountry "GER"]
[SourceTitle "EXT 2020"]
[Source "ChessBase"]
[SourceDate "2019.10.17"]
[SourceVersion "1"]
[SourceVersionDate "2019.10.17"]
[SourceQuality "1"]
[WhiteTeam "Forchheim III"]
[BlackTeam "Heideck/Hilpoltstein"]
[WhiteTeamCountry "GER"]
[BlackTeamCountry "GER"]

1. Nf3 d5 2. g3 Nd7 3. c4 dxc4 4. Qa4 e5 5. Qxc4 Bd6 6. Bg2 Ngf6 7. d3 0-0 8. 0-0 Nb6 9. Qc2 h6 10. Nbd2 Re8 11. b3 c6 12. Bb2 Bf5 13. Ne4 Qe7 14. Nxd6 Qxd6 15. Nd2 Rad8 16. Rfd1 Qe6 17. Ne4 Bxe4 18. dxe4 Qe7 19. a3 Nfd7 20. Rac1 Nf8 21. a4 Nc8 22. e3 f6 23. Bf1 Kh8 24. Bc3 Rxd1 25. Rxd1 Rd8 26. Rxd8 Qxd8 27. Bb4 Ng6 28. Be2 Qd7 29. Kg2 b6 30. h3 c5 31. Bg4 Qd8 32. Be1 Nge7 33. Qc4 Qg8 34. Be6 Qd8 35. Bg4 Qg8 36. Be6 Qd8 1/2-1/2

[Event "Mittelfranken-chTB2b 1112"]
[Site "Germany"]
[Date "2012.02.05"]
[Round "6.2"]
[White "Kirchner, Norbert"]
[Black "Kipferl, Wolfgang"]
[Result "1/2-1/2"]
[WhiteElo "1928"]
[BlackElo "1863"]
[PlyCount "46"]
[EventDate "2011.09.25"]
[EventType "team-tourn"]
[EventRounds "9"]
[EventCountry "GER"]
[SourceTitle "EXT 2013"]
[Source "ChessBase"]
[SourceDate "2012.11.22"]
[SourceVersion "1"]
[SourceVersionDate "2012.11.22"]
[SourceQuality "1"]
[WhiteTeam "Heideck/Hilpoltstein"]
[BlackTeam "Neumarkt"]
[WhiteTeamCountry "GER"]
[BlackTeamCountry "GER"]

1. e4 d6 2. d4 g6 3. Nf3 Bg7 4. c3 Nc6 5. Bb5 Bd7 6. 0-0 e5 7. Be3 a6 8. Ba4 Nge7 9. Nbd2 0-0 10. h3 h6 11. Re1 exd4 12. Bxd4 Nxd4 13. cxd4 f5 14. Qb3+ Kh7 15. Bxd7 Qxd7 16. Rac1 fxe4 17. Nxe4 c6 18. Qb4 Rad8 19. Qxd6 Qxd6 20. Nxd6 Rd7 21. Ne4 Nd5 22. Nc5 Rdf7 23. Re4 Rd8 1/2-1/2

[Event "Mittelfrankenliga-B1 0708"]
[Site "Mittelfranken"]
[Date "2008.04.27"]
[Round "9.5"]
[White "Klein, Waldemar"]
[Black "Kirchner, Norbert"]
[Result "1/2-1/2"]
[WhiteElo "1971"]
[BlackElo "2042"]
[PlyCount "113"]
[EventDate "2007.10.14"]
[EventType "team-tourn"]
[EventRounds "9"]
[EventCountry "GER"]
[SourceTitle "EXT 2011"]
[Source "ChessBase"]
[SourceDate "2010.11.26"]
[SourceVersion "1"]
[SourceVersionDate "2010.11.26"]
[SourceQuality "1"]
[WhiteTeam "Nuernberg Sued SW II"]
[BlackTeam "Buechenbach/Roth"]
[WhiteTeamCountry "GER"]
[BlackTeamCountry "GER"]

1. d4 d5 2. Nf3 Nf6 3. Bg5 Nbd7 4. e3 g6 5. Bd3 Bg7 6. 0-0 0-0 7. Nbd2 Re8 8. c3 e5 9. Nxe5 Nxe5 10. dxe5 Rxe5 11. Bf4 Re8 12. Qc2 b6 13. Bb5 Bd7 14. Qa4 c5 15. Bxd7 Qxd7 16. Qxd7 Nxd7 17. Nf3 h6 18. Rad1 Nf6 19. Rd3 Rad8 20. Rfd1 Rd7 21. Be5 Red8 22. b3 Ne4 23. c4 f6 24. Ba1 f5 25. Bxg7 Kxg7 26. Rxd5 Rxd5 27. Rxd5 Rxd5 28. cxd5 Nc3 29. d6 Kf6 30. a4 Ke6 31. d7 Kxd7 32. Ne5+ Kd6 33. Nxg6 Ne2+ 34. Kf1 Nc1 35. Ke1 Nxb3 36. Kd1 a6 37. Kc2 c4 38. Kc3 b5 39. axb5 axb5 40. Nh4 Ke6 41. Nf3 Kd5 42. Kb4 Ke4 43. Ne1 Nc1 44. Kxb5 Nd3 45. Nc2 Nxf2 46. Kxc4 Ng4 47. h3 Ne5+ 48. Kc3 Ng6 49. Kd2 Nh4 50. Ne1 f4 51. exf4 Kxf4 52. Ke2 Kg3 53. Kf1 Nf5 54. Nc2 h5 55. Kg1 Nh4 56. Ne3 Nxg2 57. Nxg2 1/2-1/2

[Event "Mittelfranken-ch HT 56th"]
[Site "Postbauer"]
[Date "2007.04.04"]
[Round "3.13"]
[White "Fink, Martin"]
[Black "Kirchner, Norbert"]
[Result "0-1"]
[WhiteElo "1861"]
[BlackElo "2084"]
[PlyCount "80"]
[EventDate "2007.04.03"]
[EventType "swiss"]
[EventRounds "9"]
[EventCountry "GER"]
[SourceTitle "EXT 2011"]
[Source "ChessBase"]
[SourceDate "2010.11.26"]
[SourceVersion "1"]
[SourceVersionDate "2010.11.26"]
[SourceQuality "1"]

1. e4 e5 2. Nf3 Nc6 3. d4 exd4 4. Bb5 Bb4+ 5. Bd2 Bc5 6. 0-0 Nge7 7. c3 0-0 8. Qa4 dxc3 9. Bxc3 d6 10. Nbd2 Be6 11. Ng5 Bd7 12. b4 Bb6 13. Nc4 Ng6 14. Nf3 Qe7 15. Qc2 Nxb4 16. Qa4 Nc6 17. Nxb6 axb6 18. Qc2 Nb4 19. Bxb4 Bxb5 20. Rfe1 Ra4 21. Rab1 Nf4 22. Bd2 Rc4 23. Qb3 Nxg2 24. Kxg2 Rc5 25. Nd4 Bc4 26. Qg3 Bxa2 27. Nf5 Qe5 28. Bf4 Qf6 29. Bg5 Qe5 30. f4 Qc3 31. Re3 Qc2+ 32. Kh3 Rxf5 33. Rg1 Rb5 34. Rg2 Be6+ 35. Kh4 Qd1 36. Rg1 Qd4 37. Be7 g6 38. Qf3 Rh5+ 39. Qxh5 Qxe3 40. Kg5 gxh5 0-1

[Event "Mittelfranken-ch HT 56th"]
[Site "Postbauer"]
[Date "2007.04.03"]
[Round "2.8"]
[White "Kirchner, Norbert"]
[Black "Holzer, Johann"]
[Result "0-1"]
[WhiteElo "2084"]
[BlackElo "1956"]
[PlyCount "44"]
[EventDate "2007.04.03"]
[EventType "swiss"]
[EventRounds "9"]
[EventCountry "GER"]
[SourceTitle "EXT 2011"]
[Source "ChessBase"]
[SourceDate "2010.11.26"]
[SourceVersion "1"]
[SourceVersionDate "2010.11.26"]
[SourceQuality "1"]

1. e4 e5 2. Nf3 Nc6 3. Bc4 Nf6 4. Ng5 d5 5. exd5 b5 6. Bxb5 Qxd5 7. Bxc6+ Qxc6 8. Qf3 e4 9. Qb3 Bc5 10. Qxf7+ Kd8 11. 0-0 Rf8 12. Qxg7 Rg8 13. Qh6 Bb7 14. Nf7+ Ke7 15. Ne5 Qd5 16. Kh1 e3 17. f3 e2 18. Re1 Rxg2 19. d4 Bxd4 20. Bg5 Rg1+ 21. Rxg1 Qxf3+ 22. Nxf3 Bxf3+ 0-1

[Event "Mittelfrankenliga-B2b 0607"]
[Site "Mittelfranken"]
[Date "2007.01.28"]
[Round "5.2"]
[White "Kirchner, Norbert"]
[Black "Roeschinger, Udo"]
[Result "0-1"]
[WhiteElo "2077"]
[BlackElo "1893"]
[PlyCount "86"]
[EventDate "2006.10.22"]
[EventType "team-tourn"]
[EventRounds "9"]
[EventCountry "GER"]
[SourceTitle "EXT 2011"]
[Source "ChessBase"]
[SourceDate "2010.11.26"]
[SourceVersion "1"]
[SourceVersionDate "2010.11.26"]
[SourceQuality "1"]
[WhiteTeam "Heideck/Hilpoltstein"]
[BlackTeam "Heilsbronn"]
[WhiteTeamCountry "GER"]
[BlackTeamCountry "GER"]

1. e4 e5 2. Nf3 d6 3. Bc4 Be6 4. Qe2 Nc6 5. c3 Nf6 6. d4 Bxc4 7. Qxc4 exd4 8. cxd4 d5 9. Qb5 dxe4 10. Qxb7 Nb4 11. Qb5+ c6 12. Qe2 Be7 13. Ng5 Nd3+ 14. Kd1 Qxd4 15. Be3 Nxf2+ 16. Ke1 Nd3+ 17. Kf1 Qxb2 18. Qxb2 Nxb2 19. Nc3 Nd5 20. Bd4 Nxc3 21. Bxc3 Na4 22. Nxe4 0-0 23. Rc1 f5 24. Ng3 Rab8 25. Ba1 c5 26. Ke2 g6 27. Rhd1 Rfd8 28. Be5 Rxd1 29. Rxd1 Rd8 30. Rb1 Bd6 31. Bxd6 Nc3+ 32. Ke3 Nxb1 33. Bxc5 a6 34. Ne2 Nd2 35. h4 Nc4+ 36. Kf4 Rd2 37. Kf3 Rxa2 38. g3 Kf7 39. Nf4 Nd2+ 40. Ke3 Ne4 41. Bb4 Nxg3 42. Be1 Ne4 43. h5 a5 0-1

[Event "Mittelfrankenliga-B2b 0607"]
[Site "Mittelfranken"]
[Date "2006.11.12"]
[Round "2.2"]
[White "Adler, Herbert"]
[Black "Kirchner, Norbert"]
[Result "0-1"]
[WhiteElo "1992"]
[BlackElo "2077"]
[PlyCount "96"]
[EventDate "2006.10.22"]
[EventType "team-tourn"]
[EventRounds "9"]
[EventCountry "GER"]
[SourceTitle "EXT 2011"]
[Source "ChessBase"]
[SourceDate "2010.11.26"]
[SourceVersion "1"]
[SourceVersionDate "2010.11.26"]
[SourceQuality "1"]
[WhiteTeam "Buechenbach/Roth"]
[BlackTeam "Heideck/Hilpoltstein"]
[WhiteTeamCountry "GER"]
[BlackTeamCountry "GER"]

1. d4 d5 2. c4 c6 3. Nc3 Nf6 4. Nf3 g6 5. e3 Bg7 6. Be2 0-0 7. 0-0 Bg4 8. Qb3 Qb6 9. Qxb6 axb6 10. cxd5 Nxd5 11. Nxd5 cxd5 12. b3 Rc8 13. h3 Bxf3 14. Bxf3 e6 15. Rd1 f5 16. Be2 Bf8 17. Bb5 Rc3 18. Bd2 Rc2 19. a4 Na6 20. Bd7 Kf7 21. Rac1 Rb2 22. Rb1 Ba3 23. Rxb2 Bxb2 24. Rb1 Ba3 25. b4 Ke7 26. Bb5 Rc8 27. Rb3 Bc1 28. Bc3 f4 29. exf4 Bxf4 30. Bd3 Nc7 31. g3 Bg5 32. h4 Bf6 33. h5 Kf7 34. Kg2 Ne8 35. hxg6+ hxg6 36. a5 Nd6 37. g4 Nc4 38. axb6 Nxb6 39. f4 Nc4 40. Kf3 Bxd4 41. Bxc4 Rxc4 42. Bxd4 Rxd4 43. b5 Kf6 44. b6 g5 45. fxg5+ Kxg5 46. Re3 Rf4+ 47. Ke2 Rxg4 48. Rxe6 Re4+ 0-1

[Event "Mittelfrankenliga-B2b 0506"]
[Site "Germany"]
[Date "2006.04.02"]
[Round "8.2"]
[White "Kirchner, Norbert"]
[Black "Lange, Carsten"]
[Result "1-0"]
[WhiteElo "2060"]
[BlackElo "1969"]
[PlyCount "73"]
[EventDate "2005.10.16"]
[EventType "team"]
[EventRounds "9"]
[EventCountry "GER"]
[SourceTitle "EXT 2007"]
[Source "ChessBase"]
[SourceDate "2006.11.23"]
[SourceVersion "1"]
[SourceVersionDate "2006.11.23"]
[SourceQuality "1"]

1. e4 c5 2. Nf3 d6 3. d4 cxd4 4. Nxd4 Nf6 5. Bb5+ Bd7 6. Qd3 Nc6 7. Bg5 Nxd4 8. Bxd7+ Qxd7 9. Qxd4 Rc8 10. Nc3 b6 11. 0-0 h6 12. Bxf6 gxf6 13. Rad1 Rg8 14. Rd3 Rc5 15. Rfd1 Qc6 16. Rg3 Rxg3 17. hxg3 Rc4 18. Qd3 Bg7 19. Nd5 e6 20. b3 Rc5 21. Ne3 Ke7 22. c4 Re5 23. Kf1 Ke8 24. f3 h5 25. Nc2 Bf8 26. Nd4 Qb7 27. Nb5 Rc5 28. Qxd6 Rc8 29. Qf4 a6 30. Nd6+ Bxd6 31. Qxd6 Qc7 32. Ke2 Qxd6 33. Rxd6 Rb8 34. Rd1 Ke7 35. Rh1 Rh8 36. g4 h4 37. Rh3 1-0

[Event "Mittelfrankenliga-B2b 0506"]
[Site "Germany"]
[Date "2005.12.04"]
[Round "3.2"]
[White "Ackermann, Robert"]
[Black "Kirchner, Norbert"]
[Result "1-0"]
[WhiteElo "1983"]
[BlackElo "2060"]
[PlyCount "141"]
[EventDate "2005.10.16"]
[EventType "team"]
[EventRounds "9"]
[EventCountry "GER"]
[SourceTitle "EXT 2007"]
[Source "ChessBase"]
[SourceDate "2006.11.23"]
[SourceVersion "1"]
[SourceVersionDate "2006.11.23"]
[SourceQuality "1"]

1. e4 e5 2. Bc4 Bc5 3. Nf3 Nc6 4. c3 Qf6 5. d3 h6 6. b4 Bb6 7. a4 a6 8. 0-0 d6 9. Be3 Ba7 10. Nbd2 Nge7 11. Bxa7 Rxa7 12. Qe2 0-0 13. Qe3 Ra8 14. Nb3 Ng6 15. g3 Be6 16. Nfd2 Nce7 17. Bxe6 Qxe6 18. d4 f5 19. dxe5 f4 20. gxf4 Nxf4 21. Kh1 Qxe5 22. Rg1 d5 23. Rg3 dxe4 24. Qxe4 Qxe4+ 25. Nxe4 Nf5 26. Rg4 g5 27. Rag1 Kf7 28. Nbd2 Rfe8 29. Re1 Rad8 30. Nf3 Nh3 31. Kg2 Nf4+ 32. Kf1 b6 33. h4 Rd3 34. Nfxg5+ hxg5 35. Nxg5+ Kf8 36. Rxf4 Rxe1+ 37. Kxe1 Rd5 38. Ne6+ Kg8 39. Nxc7 Re5+ 40. Kd2 a5 41. Nb5 Kg7 42. Kd3 Rd5+ 43. Nd4 Nd6 44. bxa5 Rxa5 45. Kc2 Nb7 46. Nb3 Re5 47. f3 Nd6 48. Rb4 b5 49. a5 Nc4 50. Nd4 Kg6 51. a6 Re1 52. Nxb5 Nb6 53. Nd4 Na8 54. Rb7 Ra1 55. a7 Ra2+ 56. Kb3 Ra1 57. Nb5 Kh5 58. Rb8 Nc7 59. Nxc7 Rxa7 60. Nd5 Kxh4 61. Rg8 Ra5 62. c4 Kh5 63. f4 Kh6 64. f5 Kh7 65. Rg1 Rc5 66. f6 Rc8 67. Ne7 Rb8+ 68. Kc3 Kh6 69. c5 Rf8 70. Nd5 Rxf6 71. Rh1+ 1-0